Economic ascent of the hotel business (Record no. 22905)

MARC details
000 -LEADER
fixed length control field 00490nam a2200181Ia 4500
008 - FIXED-LENGTH DATA ELEMENTS--GENERAL INFORMATION
fixed length control field 230917s9999||||xx |||||||||||||| ||und||
020 ## - ISBN
Price GBP29.99
040 ## - CATALOGING SOURCE
-- 240756
Original cataloging agency VIVEKANANDA LIBRARY
041 ## - Language
-- English
082 ## - DDC NUMBER
Classification number 647.94 S15E(2)
100 ## - MAIN ENTRY--PERSONAL NAME
Personal name Slattery, Paul
245 #0 - TITLE STATEMENT
Title Economic ascent of the hotel business
250 ## - EDITION STATEMENT
Edition statement 2nd ed.
260 ## - PUBLICATION, DISTRIBUTION, ETC. (IMPRINT)
Place of publication, distribution, etc Oxford
Name of publisher, distributor, etc Goodfellow Publishing
Date of publication, distribution, etc 2012
300 ## - PHYSICAL DESCRIPTION
Pages xii, 272 p.
500 ## - GENERAL NOTE
General note 2751 27/06/2017 PBA17/409 28/06/2017 Main Budget
942 ## - ADDED ENTRY ELEMENTS (KOHA)
Koha item type Books
Holdings
Withdrawn status Lost status Damaged status Not for loan Location (home branch) Sublocation or collection (holding branch) Shelving location Date acquired Koha issues (times borrowed) Koha full call number Accession No. Koha date last seen Koha item type
        VIVEKANANDA LIBRARY VIVEKANANDA LIBRARY IHTM Library 23/07/2017   647.94 S15E(2) 362113 17/09/2023 Books
© Designed and Maintained by Vivekananda Library, MDU Rohtak